000 00346nam a22001337a 4500
008 250721b |||||||| |||| 00| 0 eng d
020 _a0471864366
050 _aHD30.25
_b.M37
100 _aMARRUS Stephanie
245 _aBuilding the Strategic Plan
260 _aNew York
_bA Ronald Press Publication
_c1984
300 _axiii, 342p.
942 _cBK
999 _c4358
_d4358